[Event "Zürich, Simultan Kortschnoi_80"]
[Site "?"]
[Date "2011.03.26"]
[Round "?"]
[White "Kortschnoi, Viktor GM"]
[Black "Berset, Alan"]
[Result "0-1"]
[WhiteElo "2563"]
[BlackElo "1971"]
[PlyCount "94"]
[EventDate "2011.03.26"]
[SourceDate "2010.05.24"]

1. d4 Nf6 2. Nf3 d5 3. c4 e6 4. g3 Bb4+ 5. Nbd2 Nc6 6. a3 Bxd2+ 7. Bxd2 b6 {
Korchnoi frowns, and I notice that this move was not the best I could play...}
8. Bg5 h6 9. Bxf6 Qxf6 10. cxd5 exd5 11. Rc1 Bg4 12. Qa4 Bd7 13. Bh3 Bxh3 14.
Qxc6+ Qxc6 15. Rxc6 Bg2 16. Rg1 Bxf3 17. exf3 Kd7 {Here I could tell that
Korchnoi was not quite happy with the opening...} 18. Rc3 Rac8 19. b4 Kd6 20.
Kd2 c6 21. Re1 Rhe8 22. Rce3 Re6 23. f4 Rce8 24. Kd3 R6e7 25. f5 Rxe3+ 26. fxe3
Re4 27. a4 c5 28. bxc5+ bxc5 29. Rb1 c4+ 30. Kd2 Re7 31. Rb8 Kc6 32. Rg8 f6 33.
Rc8+ Kd6 34. a5 Rb7 35. Rd8+ Kc6 36. e4 dxe4 37. Kc3 Rd7 38. Rc8+ Kd6 39. Kxc4
{Immediately after playing this move Korchnoi started to shake his head. He
could see that taking with the king was a bad decision.} (39. Rxc4 Rc7 40. Rxc7
Kxc7 41. Kd2 Kc6 42. Ke3) 39... Rc7+ 40. Rxc7 Kxc7 41. g4 Kc6 42. d5+ Kd6 43.
Kd4 e3 44. Kxe3 Kxd5 45. Kf4 Kc5 46. g5 hxg5+ 47. Kg4 Kd5 0-1